| 000 | 00784nam a2200253 a 4500 | ||
|---|---|---|---|
| 008 | |||
| 020 | _a0201604809 (pbk.) | ||
| 049 | _aMAIN | ||
| 090 | _aHF5548.32 | ||
| 100 | 1 | _aKalakota, Ravi. | |
| 245 | 1 | 0 |
_aE-Business : _broadmap for success / _cRavi Kalakota and Marcia Robinson. |
| 260 |
_aReading, Mass. : _bAddison-Wesley, _cc1999. |
||
| 300 |
_axvii, 378 p. : _bill. ; _c24 cm. |
||
| 440 | 0 | _aAddison-Wesley information technology series. | |
| 500 | _aIncludes index. | ||
| 504 | _aIncludes bibliographical references. | ||
| 650 | 0 | _aElectronic commerce. | |
| 700 | 1 | _aRobinson, Marcia | |
| 907 |
_a.b10156641 _b16-08-05 _c03-03-05 |
||
| 003 | |||
| 005 | 20230123133939.0 | ||
| 040 | _cNUST | ||
| 942 |
_cBOOKS _kHF5548.32 |
||
| 999 |
_c157367 _d157367 |
||